01421cam a22002174a 4500999001700000001000900017005001700026008004100043020001800084041000800102080002100110245019400131264004000325300002900365653020000394653032700594700006000921700006300981942001201044952014701056 c58063d580631317560720210604115527.0030425s2003 nyua b 001 0 eng  a9780891288695 aeng a364.694+371 C-6900aCollaborative assessment :bworking with students who are blind or visually impaired, including those with additional disabilities /cedited by Stephen A. Goodman and Stuart H. Wittenstein. aNew York, N.Y. :bAFB Press,c2003. a430 p. :bill. ;c25 cm. aработа со слепыми или слабовидящими учениками, в том числе с дополнительными ограниченными возможностями aუსინათლო ან მხედველობის დაქვეითებული სტუდენტებთან მუშაობა, მათ შორის დამატებითი შეზღუდული შესაძლებლობის მქონე პირები1 aGoodman, Stephen A.eრედაქტორი9119551 aWittenstein, Stuart H.eრედაქტორი911956 2udccBK 00102udc406364694371_C6970990339aCPLbCPLcGENd2021-06-04g246.00o364.694+371 C-69p61354r2021-06-04t61354w2021-06-04yBKz246 ლ.